Central Library OPAC University of Rajshahi

Model business letters / (Record no. 61044)

MARC details
000 -LEADER
fixed length control field 00644nam a2200241 a 4500
001 - CONTROL NUMBER
control field 61044
003 - CONTROL NUMBER IDENTIFIER
rucl marc code BD-RJUL
005 - DATE AND TIME OF LATEST TRANSACTION
control field 20211209080920.0
008 - FIXED-LENGTH DATA ELEMENTS--GENERAL INFORMATION
fixed length control field 170114s1975 enk 001 0 e d
020 ## - INTERNATIONAL STANDARD BOOK NUMBER
International Standard Book Number 0712113827
035 ## - SYSTEM CONTROL NUMBER
System control number (BD-RJUL)61168
040 ## - CATALOGING SOURCE
Original cataloging agency EQO
Transcribing agency EQO
Language of cataloging eng
Modifying agency BD-RJUL
041 ## - LANGUAGE CODE
Language code of text/sound track or separate title eng
082 ## - DEWEY DECIMAL CLASSIFICATION NUMBER
Edition number 23
Classification number 651.75
Author mark and year GAM 1975
100 1# - MAIN ENTRY--PERSONAL NAME
Personal name Gartside, L.
Fuller form of name (Leonard)
9 (RLIN) 182172
245 10 - TITLE STATEMENT
Title Model business letters /
250 ## - EDITION STATEMENT
Edition statement 2nd ed.
260 ## - PUBLICATION, DISTRIBUTION, ETC. (IMPRINT)
Place of publication, distribution, etc. London :
Name of publisher, distributor, etc. Plymouth,
Date of publication, distribution, etc. c1974 [reprinted 1975]
300 ## - PHYSICAL DESCRIPTION
Pagination xii, 404 p.;
Size 24 cm.
500 ## - GENERAL NOTE
General note Include index
650 ## - SUBJECT ADDED ENTRY--TOPICAL TERM
Topical term or geographic name as entry element Commercial correspondence.
9 (RLIN) 177239
942 ## - ADDED ENTRY ELEMENTS (KOHA)
Source of classification or shelving scheme Dewey Decimal Classification
Koha item type Books
Holdings
Lost status Source of classification or shelving scheme Damaged status Not for loan Collection code Permanent Location Current Location Shelving location Date acquired Source of acquisition Total Checkouts Full call number Date last seen Copy number Koha item type
  Dewey Decimal Classification   Not For Loan Non-fiction Central Library, University of Rajshahi Central Library, University of Rajshahi Reading Room 02/01/1978 British Council, dacca   651.75 GAM 1975 14/01/2017 C-1 Books